000 00711nam a22002537a 4500
001 0074
003 DO-SdBPM
005 20250526135317.0
007 0074
008 151006b1993 sp | 00| 0 spa d
020 _a9788430574575
040 _aDO-SdBPM
_bspa
_cBPMSU
082 4 _222
100 1 0 _aArdley, Bridget
245 1 3 _aEl libro de 1001 preguntas y respuestas /
_cBridget Ardley, Neil Ardley ; Pedro Francisco Moreno traducción
260 _aMadrid, España :
_bSusaeta,
_c1993.
300 _a175 p. :
_bil., ;
_c29 cm.
500 _aIncluye índice
590 _aInventariado,2025/VM
650 4 _aEnciclopedias
_vDiccionarios
700 1 _aArdley, Neil
942 _2ddc
_cBK
956 _aBrenda Tavárez
999 _c8335
_d8335